Skupinové rozhodování
Porovnanie individuálneho a skupinového rozhodovania. Prednosti skupinového rozhodovania. Nevýhody skupinového rozhodovania.
Saved in:
| Main Author: | |
|---|---|
| Format: | Book Chapter |
| Language: | Czech |
| Subjects: | |
| Tags: |
No Tags, Be the first to tag this record!
|
MARC
| LEADER | 00000naa a2200000 4500 | ||
|---|---|---|---|
| 001 | r020219 | ||
| 005 | 20221208131046.8 | ||
| 041 | 0 | |a cze | |
| 044 | |a CZ | ||
| 245 | 1 | 0 | |a Skupinové rozhodování |c J. Fotr |
| 520 | |a Porovnanie individuálneho a skupinového rozhodovania. Prednosti skupinového rozhodovania. Nevýhody skupinového rozhodovania. | ||
| 610 | 2 | 0 | |a rozhodovanie individuálne |
| 610 | 2 | 0 | |a rozhodovanie skupinové |
| 100 | 1 | |a Fotr, J. | |